Advanced engineering mathematics (Record no. 5200)

MARC details
000 -LEADER
fixed length control field 00551nam a2200169Ia 4500
003 - CONTROL NUMBER IDENTIFIER
control field SGT
020 ## - INTERNATIONAL STANDARD BOOK NUMBER
International Standard Book Number 9788126508273
082 ## - DEWEY DECIMAL CLASSIFICATION NUMBER
Classification number 510.2462
Item number KRE
100 ## - MAIN ENTRY--PERSONAL NAME
Personal name Kreyszig,Erwin
245 ## - TITLE STATEMENT
Title Advanced engineering mathematics
250 ## - EDITION STATEMENT
Edition statement 8th & 9th . Ed.
260 ## - PUBLICATION, DISTRIBUTION, ETC. (IMPRINT)
Name of publisher, distributor, etc Wiley India Pvt. Ltd.
Place of publication, distribution, etc N.Delhi
Year of Publication 1999
300 ## - PAGE DESCRIPTION
No. of Pages 1156p.
650 ## - SUBJECT ADDED ENTRY--TOPICAL TERM
Topical term or geographic name as entry element ENGINEERING MATHEMATICS
653 ## - KEYWORDS--INDEX TERM
Keyword term ORDINARY DIFFERENTIAL EQUATIONS,LINEAR ALGEBRA VECTOR CALCULUS,FOURIER ANALYSIS AND PARTIAL DIFFERENTIAL EQUATIONS,COMPLEX ANALYSIS,NUMERICAL METHODS.
942 ## - ADDED ENTRY ELEMENTS (KOHA)
Source of classification or shelving scheme Dewey Decimal Classification
Koha item type Books
942 ## - ADDED ENTRY ELEMENTS (KOHA)
-- 2
Holdings
Withdrawn status Lost status Source of classification or shelving scheme Damaged status Not for loan Home library Current library Date acquired SGTU Total Checkouts Full call number Accession No. (Barcode) Date last seen Date last borrowed Bill Date Koha item type Total Renewals Use restrictions Shelving location
    Dewey Decimal Classification     SGT Engineering Library SGT Engineering Library 24/06/2011 SGTU 1 510.2462 KRE FE3211 27/01/2026 19/01/2026 09/02/2015 Books      
    Dewey Decimal Classification     SGT Engineering Library SGT Engineering Library 24/06/2011 SGTU   510.2462 KRE FE3212 09/02/2015   09/02/2015 Books      
    Dewey Decimal Classification     SGT Engineering Library SGT Engineering Library 24/06/2011 SGTU 3 510.2462 KRE FE3213 04/12/2025 20/11/2025 09/02/2015 Books      
    Dewey Decimal Classification     SGT Engineering Library SGT Engineering Library 24/06/2011 SGTU 1 510.2462 KRE FE3214 06/12/2018 24/11/2018 09/02/2015 Books      
    Dewey Decimal Classification     SGT Engineering Library SGT Engineering Library 24/06/2011 SGTU 2 510.2462 KRE FE3215 17/09/2019 05/09/2019 09/02/2015 Books 1    
    Dewey Decimal Classification   Not For Loan SGT Engineering Library SGT Engineering Library 24/06/2011 SGTU   510.2462 KRE FE3216 27/10/2018   09/02/2015 Books   Restricted Access Reference Book
    Dewey Decimal Classification     SGT Engineering Library SGT Engineering Library 24/06/2011 SGTU   510.2462 KRE FE3217 09/02/2015   09/02/2015 Books      
    Dewey Decimal Classification     SGT Engineering Library SGT Engineering Library 24/06/2011 SGTU   510.2462 KRE FE3218 09/02/2015   09/02/2015 Books      
    Dewey Decimal Classification     SGT Engineering Library SGT Engineering Library 24/06/2011 SGTU   510.2462 KRE FE3219 09/02/2015   09/02/2015 Books      
    Dewey Decimal Classification     SGT Engineering Library SGT Engineering Library 24/06/2011 SGTU   510.2462 KRE FE3220 09/02/2015   09/02/2015 Books      
    Dewey Decimal Classification     SGT Engineering Library SGT Engineering Library 06/09/2012 SGTU 6 510.2462 KRE FE5371 26/09/2023 13/09/2023 09/02/2015 Books 1    
    Dewey Decimal Classification     SGT Engineering Library SGT Engineering Library 06/09/2012 SGTU 2 510.2462 KRE FE5372 11/05/2026 27/04/2026 09/02/2015 Books